Online Catalogue and eLibrary

Key concepts in post-colonial studies / (Record no. 607)

MARC details
000 -LEADER
fixed length control field 00749pam a2200265 a 4500
001 - CONTROL NUMBER
control field 2598556
005 - DATE AND TIME OF LATEST TRANSACTION
control field 20240325015030.0
008 - FIXED-LENGTH DATA ELEMENTS--GENERAL INFORMATION
fixed length control field 970716s1998 enk bd 001 0 eng
020 ## - INTERNATIONAL STANDARD BOOK NUMBER
ISBN 0415153034 (hardbound)
020 ## - INTERNATIONAL STANDARD BOOK NUMBER
ISBN 0415153042 (pbk.)
040 ## - CATALOGING SOURCE (பட்டியலாக்க மூலம்)
Original cataloging agency DLC
Transcribing agency DLC
Modifying agency DLC
082 00 - DDC Classification
Class No. 325.303
DDC Edition Number 21
Item Number - Author Mark KEY.
100 1# - MAIN ENTRY--PERSONAL NAME
Personal name Ashcroft, Bill,
245 10 - TITLE STATEMENT
Title Key concepts in post-colonial studies /
Statement of responsibility, etc. Bill Ashcroft, Gareth Griffiths, and Helen Tiffin.
260 ## - PUBLICATION, DISTRIBUTION, ETC.
Place of publication, distribution, etc. London ;
Name of publisher, distributor, etc. Routledge,
Date of publication, distribution, etc. 1998.
300 ## - PHYSICAL DESCRIPTION
Extent (e.g. Volumes, Pages etc.) xi, 275 p. ;
650 #0 - SUBJECT ADDED ENTRY--TOPICAL TERM
Topical term or geographic name entry element Colonies
650 #0 - SUBJECT ADDED ENTRY--TOPICAL TERM
Topical term or geographic name entry element Decolonization
650 #0 - SUBJECT ADDED ENTRY--TOPICAL TERM
Topical term or geographic name entry element Postcolonialism
650 #0 - SUBJECT ADDED ENTRY--TOPICAL TERM
Topical term or geographic name entry element Ethnic attitudes
650 #0 - SUBJECT ADDED ENTRY--TOPICAL TERM
Topical term or geographic name entry element Race relations
700 1# - ADDED ENTRY--PERSONAL NAME
Personal name Griffiths, Gareth,
Relator term (Role) Editor
700 1# - ADDED ENTRY--PERSONAL NAME
Personal name Tiffin, Helen.
Relator term (Role) Editor
942 ## - Koha item type (Biblio)
Koha item type Books in Stacks (Lending)
Holdings
Lost status Damaged status Collection code Home library Current library Date acquired Full call number Accession Number Item type
    Lending WERC Library WERC Library 03/25/2024 325.303 KEY. 4422 Books in Stacks (Lending)

© WERC Library